000 00791nam a2200301Ia 4500
001 11301
005 20240113235305.0
007 ta
008 090320s 196 a g b000 u 346 u
040 _aCotton College,Assam
041 _a346
082 _a891.4418
_bT 129 P
100 _aThakur, Rabindra Nath .
245 0 _aPurabi /
_cRabindra Nath Thakur.
_hTextual Documents
250 _a1st ed /
260 _aCalcutta :
_bBiswabharati Granthan Bibhag ,
_cC 1969.
300 _a223p. :
_bill. ;
_c22cm. .
653 _aBengali Poetry-Collections
653 _aG-Bengali
653 _aMS-Bengali
653 _aT/G-Bengali Literature
942 _2ddc
_cBK
999 _c11288
_d11288